Eine Frau erkennen /

Kaydedildi:
Detaylı Bibliyografya
Yazar: Oz, Amos (autor)
Materyal Türü: Kitap
Dil:German
Baskı/Yayın Bilgisi: Frankfurt, Alemania : Suhrkamp, 1993, c1991
Seri Bilgileri:(ST ; 2206)
Konular:
Etiketler: Etiketle
Etiket eklenmemiş, İlk siz ekleyin!

MARC

LEADER 00000nam^a2200000^a^4500
001 000184593
005 20250521000000.0
009 20260310102119.732
020 |a 3-518-38706-5 
037 |a Acervo ITESO - Biblioteca 
041 |a ALE 
082 |a 892. 4  |b OZ 
100 |a Oz, Amos  |e (autor) 
245 1 4 |a Eine Frau erkennen /  |c A. Oz ; tr. por Ruth Achlama. 
264 4 |a Frankfurt, Alemania :  |b Suhrkamp,  |c 1993, c1991 
300 |a 318 p. 
336 |a texto  |b txt  |2 rdacontenido 
337 |a sin mediación  |b n  |2 rdamedio 
338 |a volumen  |b nc  |2 rdasoporte 
440 1 |a (ST ;  |v 2206) 
500 |a Traducción de: Lada'at ischa 
545 0 |a Amos Oz (Jerusalén, 1939) es uno de los más prestigiosos escritores israelíes y también un reconocido intelectual comprometido con el proceso de paz en Oriente Medio. Su obra, tanto de ficción como de no ficción, a la vez que se ancla en su país se abre a la reflexión ética más amplia, como expresa la crítica. Construye personajes que dan cuenta de la compleja naturaleza humana, con toda su fragilidad, pero también con su riqueza y diversidad. Es autor, entre otros títulos, de Donde aúllan los chacales y otros cuentos (1965), Mi querido Mijael (1968), Hasta la muerte (1971), Tocar el agua, tocar el viento (1973), Un descanso verdadero (1982), Las mujeres de Yoel (1985), La caja negra (1986), Conocer a una mujer (1989), No digas noche (1994), Una pantera en el sótano (1995), El mismo mar (1998), Una historia de amor y oscuridad (2003), Contra el fanatismo (2006) y Versos de vida y muerte (2007). Ha sido reconocido con varios y muy relevantes galardones, como los premios Israel de Literatura (1998), Goethe (2005), Príncipe de Asturias de las Letras (2007) y Heinrich Heine, otorgado por la ciudad de Düsseldorf (2008). 
649 |a XX 
650 |a Novela Israelí 
650 |a Novela Judía 
650 |a Literatura Israelí -  |y Siglo XX 
650 |a Literatura Judía -  |y Siglo XX 
910 |a Fondo General 
920 |a Impresos - Libros 
930 |a Colección General 
940 |a Literatura 
905 |a 101 
901 |a 0500125517  |b IT1  |c LIT  |u 20250521 
902 |a https://opac.biblio.iteso.mx/vufind/Record/000184593